[Event "20th HZ Open 2016"]
[Site "Vlissingen NED"]
[Date "2016.08.08"]
[Round "4.11"]
[White "Ernst, Sipke"]
[Black "Saravanan, V."]
[Result "1-0"]
[WhiteTitle "GM"]
[BlackTitle "IM"]
[WhiteElo "2535"]
[BlackElo "2281"]
[WhiteFideId "1004689"]
[BlackFideId "5000580"]
[EventDate "2016.08.06"]

1. d4 Nf6 2. c4 g6 3. Nc3 d5 4. cxd5 Nxd5 5. e4 Nxc3 6. bxc3 Bg7 7. Nf3 c5 8.
Be3 O-O 9. Be2 b6 10. Rc1 cxd4 11. cxd4 Bb7 12. d5 Nd7 13. O-O Nf6 14. Qa4 a6
15. Rfd1 b5 16. Qb4 a5 17. Qb1 b4 18. a3 Qd7 19. axb4 axb4 20. Qxb4 Ra4 21. Qb6 1-0

[Event "20th HZ Open 2016"]
[Site "Vlissingen NED"]
[Date "2016.08.08"]
[Round "4.12"]
[White "Bezemer, Arno"]
[Black "Lin, Chen"]
[Result "1/2-1/2"]
[WhiteTitle "FM"]
[BlackTitle "GM"]
[WhiteElo "2315"]
[BlackElo "2516"]
[WhiteFideId "1001396"]
[BlackFideId "8602298"]
[EventDate "2016.08.06"]

1. e4 c5 2. Nf3 Nc6 3. Bb5 d6 4. O-O Bd7 5. Re1 Nf6 6. c3 a6 7. Bc4 Bg4 8. d4 e6
9. d5 Ne5 10. Be2 Bxf3 11. Bxf3 exd5 12. exd5 Be7 13. Be2 O-O 14. c4 Re8 15. Nc3
Qd7 16. b3 Bd8 17. Qc2 Ba5 18. Bd2 Re7 19. Ne4 Nxe4 20. Bxa5 f5 21. Bd3 Nxd3 22.
Qxd3 Rae8 23. f3 Nf6 24. Rxe7 Rxe7 25. Re1 Rxe1+ 26. Bxe1 Kf7 27. Bc3 Qe7 28.
Kf2 g6 29. Qe3 Qxe3+ 30. Kxe3 b5 31. Bxf6 1/2-1/2

[Event "20th HZ Open 2016"]
[Site "Vlissingen NED"]
[Date "2016.08.09"]
[Round "5.1"]
[White "Van Wely, Loek"]
[Black "Rathnakaran, K."]
[Result "1-0"]
[WhiteTitle "GM"]
[BlackTitle "IM"]
[WhiteElo "2657"]
[BlackElo "2452"]
[WhiteFideId "1000268"]
[BlackFideId "5005507"]
[EventDate "2016.08.06"]

1. d4 Nf6 2. c4 c5 3. d5 e6 4. Nc3 exd5 5. cxd5 d6 6. e4 g6 7. f4 Bg7 8. Bb5+
Nfd7 9. Bd3 Qh4+ 10. g3 Qe7 11. Nf3 Nb6 12. h3 O-O 13. Kf2 Na6 14. Kg2 c4 15.
Bc2 Nc5 16. Re1 Bd7 17. Be3 Rfc8 18. Bd4 Bxd4 19. Qxd4 Nba4 20. Bxa4 Nxa4 21. e5
Nxc3 22. bxc3 Bf5 23. e6 Rc5 24. g4 Bd3 25. Ng5 f6 26. Nf7 Rf8 27. Nh6+ Kg7 28.
g5 1-0

[Event "20th HZ Open 2016"]
[Site "Vlissingen NED"]
[Date "2016.08.09"]
[Round "5.2"]
[White "Zelbel, Patrick"]
[Black "Landa, Konstantin"]
[Result "1/2-1/2"]
[WhiteTitle "IM"]
[BlackTitle "GM"]
[WhiteElo "2445"]
[BlackElo "2597"]
[WhiteFideId "24624322"]
[BlackFideId "4101685"]
[EventDate "2016.08.06"]

1. e4 c5 2. c3 d5 3. exd5 Qxd5 4. Nf3 Nf6 5. Na3 Nc6 6. Bc4 Qd8 7. O-O a6 8. Nc2
b5 9. Be2 e6 10. d4 Bb7 11. Be3 Nd5 12. dxc5 Nxe3 13. Qxd8+ Rxd8 14. fxe3 Bxc5
15. b4 Bb6 1/2-1/2

[Event "20th HZ Open 2016"]
[Site "Vlissingen NED"]
[Date "2016.08.09"]
[Round "5.3"]
[White "Liang, Awonder"]
[Black "Yuan, Ye"]
[Result "0-1"]
[WhiteTitle "IM"]
[WhiteElo "2465"]
[BlackElo "2166"]
[WhiteFideId "2056437"]
[BlackFideId "8608415"]
[EventDate "2016.08.06"]

1. c4 c5 2. Nf3 Nc6 3. Nc3 g6 4. e3 Bg7 5. d4 d6 6. Be2 Nf6 7. O-O O-O 8. d5 Na5
9. a3 b6 10. Nd2 e6 11. e4 exd5 12. cxd5 a6 13. b4 Nb7 14. Bb2 b5 15. Qc2 Bg4
16. f3 Bd7 17. Kh1 Rc8 18. f4 Ng4 19. Qd3 Nxh2 20. Qg3 Nxf1 21. Rxf1 Qe7 22. f5
cxb4 23. f6 Bxf6 24. Rxf6 Qxf6 25. axb4 Qd4 26. Nf3 Qxb4 27. Nd1 Qxe4 28. Qg5 f6 0-1

[Event "20th HZ Open 2016"]
[Site "Vlissingen NED"]
[Date "2016.08.09"]
[Round "5.4"]
[White "Timmermans, Mark"]
[Black "Sasikiran, Krishnan"]
[Result "1/2-1/2"]
[WhiteTitle "FM"]
[BlackTitle "GM"]
[WhiteElo "2387"]
[BlackElo "2658"]
[WhiteFideId "1026399"]
[BlackFideId "5004985"]
[EventDate "2016.08.06"]

1. e4 e5 2. Nf3 Nc6 3. d4 exd4 4. Nxd4 Bc5 5. Nxc6 Qf6 6. Qf3 dxc6 7. Nd2 Qe7 8.
Nb3 Bb6 9. a4 a5 10. Bd3 Nf6 11. Be3 Be6 12. O-O Ng4 13. Bxb6 cxb6 14. Be2 O-O-O
15. Qc3 h5 16. f3 Nf6 17. Nd4 Bd7 18. Rfd1 h4 19. Nb5 Be6 20. Nd4 Bd7 21. Nb5
Kb8 22. Qa3 Qxa3 23. Nxa3 Kc7 24. Bc4 Be8 25. Kf2 Nd7 26. Be2 Nc5 27. Rxd8 Kxd8
28. Nc4 Kc7 29. b3 f6 30. Ke3 Bd7 31. Nb2 Ra8 32. Nd3 Nxd3 33. cxd3 c5 34. d4
cxd4+ 35. Kxd4 b5 36. f4 Rd8 37. Ke3 bxa4 38. bxa4 Bc6 39. Bd3 Kb6 40. Rb1+ Kc7
41. Rc1 Re8 42. Kd4 Kd6 43. Rc4 Rd8 44. Ke3 Kc7 45. Rc1 Kb6 46. Rb1+ Kc5 47. Bb5
Rd7 48. Rc1+ Kb6 49. Rb1 Kc7 50. Rc1 Re7 51. Bd3 Kd6 52. Rc4 Kc7 53. Rc1 Kb6 54.
Rc4 Re8 55. Kd4 Rd8+ 56. Ke3 Rg8 57. Bf1 Re8 58. Bd3 Rf8 59. Rd4 Re8 1/2-1/2

[Event "20th HZ Open 2016"]
[Site "Vlissingen NED"]
[Date "2016.08.09"]
[Round "5.5"]
[White "David, Alberto"]
[Black "Mu, Ke"]
[Result "0-1"]
[WhiteTitle "GM"]
[WhiteElo "2561"]
[BlackElo "2419"]
[WhiteFideId "4000013"]
[BlackFideId "8602778"]
[EventDate "2016.08.06"]

1. e4 e6 2. d3 d5 3. Qe2 Nf6 4. Nf3 b6 5. e5 Nfd7 6. g3 c5 7. Bg2 Bb7 8. c3 Be7
9. h4 Nc6 10. Bf4 b5 11. O-O a5 12. Na3 Ba6 13. Nc2 Nb6 14. Rfd1 Qc7 15. Ne3 h6
16. Rac1 O-O-O 17. d4 c4 18. b3 Kb7 19. bxc4 bxc4 20. Rb1 Ka7 21. Qc2 Rb8 22. h5
Qd8 23. Nd2 Re8 24. Ng4 Bf8 25. Ne3 Re7 26. g4 Reb7 27. Nf3 Qe8 28. g5 hxg5 29.
Nxg5 Ba3 30. Bf3 Ne7 31. Qh7 Qf8 32. Nc2 Nf5 33. Bg4 Nh6 34. Bf3 Be7 35. Ne3 Qh8
36. Qc2 Qe8 37. Ne4 dxe4 38. Bxe4 Rc7 39. d5 Rc5 40. d6 Bd8 41. Qd2 Qd7 42. Bg3
Bb7 43. Qd4 Rbc8 44. Bxb7 Kxb7 45. f4 Ka6 46. Bf2 Nd5 47. Rd2 Nxe3 48. Qxe3 Ng4
49. Qxc5 Rxc5 50. Bxc5 Qc6 51. Bd4 Qf3 52. Rdb2 a4 53. d7 Qg3+ 54. Kh1 a3 55.
Rg2 Qxf4 56. Rb8 Qg5 57. Rg1 Qxh5+ 58. Kg2 Qh2+ 59. Kf3 Qh3+ 0-1

[Event "20th HZ Open 2016"]
[Site "Vlissingen NED"]
[Date "2016.08.09"]
[Round "5.6"]
[White "Ikonnikov, Vyacheslav"]
[Black "Kevlishvili, Robby"]
[Result "1-0"]
[WhiteTitle "GM"]
[BlackTitle "FM"]
[WhiteElo "2536"]
[BlackElo "2409"]
[WhiteFideId "4100972"]
[BlackFideId "1040634"]
[EventDate "2016.08.06"]

1. d4 d5 2. Nf3 Nf6 3. c4 c6 4. Nc3 e6 5. Bg5 h6 6. Bxf6 Qxf6 7. e3 Nd7 8. Bd3
g6 9. O-O Bg7 10. e4 dxc4 11. e5 Qe7 12. Bxc4 O-O 13. Re1 Rd8 14. Bd3 b6 15. Qe2
a5 16. h4 Bb7 17. Be4 Ba6 18. Qe3 Rac8 19. Rad1 Bc4 20. b3 Bd5 21. Bxd5 exd5 22.
h5 g5 23. Nh2 f6 24. e6 Nf8 25. Na4 Rb8 26. Nf1 Rd6 27. Ng3 Rxe6 28. Nf5 Qe8 29.
Qc1 Qxh5 30. Rxe6 Nxe6 31. Re1 Nf4 32. Qxc6 Qg4 33. Ne3 Qc8 34. Qxc8+ Rxc8 35.
Nxb6 Rc1 36. Rxc1 Ne2+ 37. Kf1 Nxc1 38. Ke1 Nxa2 39. Kd2 Kf7 40. Nbxd5 Bf8 41.
g4 Ke6 42. Kc2 Bd6 43. Kb2 Nb4 44. Nxb4 axb4 45. Kc2 Bf4 46. Nf5 h5 47. Ng7+ Kd5
48. gxh5 g4 49. Kd3 Bc1 50. Nf5 1-0

[Event "20th HZ Open 2016"]
[Site "Vlissingen NED"]
[Date "2016.08.09"]
[Round "5.7"]
[White "Wan, Yunguo"]
[Black "Ernst, Sipke"]
[Result "1/2-1/2"]
[WhiteTitle "GM"]
[BlackTitle "GM"]
[WhiteElo "2458"]
[BlackElo "2535"]
[WhiteFideId "8603189"]
[BlackFideId "1004689"]
[EventDate "2016.08.06"]

1. e4 c5 2. Nf3 e6 3. d4 cxd4 4. Nxd4 Nc6 5. Nc3 Qc7 6. Be3 a6 7. Qf3 d6 8. g4
Bd7 9. g5 b5 10. Nxc6 Bxc6 11. a3 Ne7 12. O-O-O Rb8 13. Qg3 Qb7 14. Rxd6 Nf5 15.
exf5 Bxd6 16. Qxd6 Bxh1 17. Bc5 Rc8 18. Bb4 Rc6 19. Nxb5 Rxd6 20. Nxd6+ Kd7 21.
Nxb7 Bxb7 22. Bd3 f6 23. f4 exf5 24. Bxf5+ Kd8 25. Kd2 fxg5 26. fxg5 g6 27. Bd3
Re8 28. Bc3 Re6 29. Bc4 Re4 30. Be2 Kc7 31. b4 Kc8 32. Bf6 a5 33. c4 axb4 34.
axb4 Bc6 35. Kd3 Re8 36. b5 Bg2 37. c5 Re4 38. Kd2 Ra4 39. Kc3 Re4 40. Bc4 Re3+
41. Kd2 Re4 42. Bd5 Rh4 43. Be6+ Kb7 44. Be5 h6 45. gxh6 Rxh6 46. Bd7 Rh7 47.
c6+ Kb6 48. Bd4+ Kxb5 49. c7+ Rxd7 50. c8=Q Rxd4+ 51. Kc3 Rd6 52. Qb8+ Rb6 53.
Qe5+ Kc6 54. Qg5 Bd5 55. Qxg6+ Kc5 56. Qg1+ Kc6 57. Qe1 Kd7 58. Qe5 Bf7 59. Qf5+
Ke7 60. Qc5+ Rd6 61. h4 Kd7 62. Qf5+ Ke7 63. Qg5+ Ke8 64. Qe5+ Kd7 65. Qg7 Ke8
66. h5 Bxh5 67. Qe5+ Kd7 68. Qxh5 Rf6 69. Kc4 Rc6+ 70. Kb5 Rf6 71. Qd5+ Ke7 72.
Kc5 Rg6 73. Qe5+ Re6 74. Qg7+ Kd8 75. Qf8+ Kd7 76. Qf7+ Re7 77. Qf5+ Kc7 78. Qf6
Rd7 79. Qh6 Kd8 80. Qf8+ Kc7 81. Qf6 Kc8 82. Qf8+ Kc7 83. Qf4+ Kb7 84. Qe4+ Kc7
85. Qe5+ Kd8 86. Kc6 Rf7 87. Qg5+ Ke8 88. Qe5+ Kd8 89. Qd4+ Ke7 90. Qe5+ Kd8 1/2-1/2

[Event "20th HZ Open 2016"]
[Site "Vlissingen NED"]
[Date "2016.08.09"]
[Round "5.8"]
[White "Brink, Barry"]
[Black "Leenhouts, Koen"]
[Result "0-1"]
[WhiteTitle "FM"]
[BlackTitle "IM"]
[WhiteElo "2293"]
[BlackElo "2491"]
[WhiteFideId "1009451"]
[BlackFideId "1008439"]
[EventDate "2016.08.06"]

1. Nf3 c5 2. c4 Nf6 3. Nc3 d5 4. cxd5 Nxd5 5. e4 Nb4 6. Bc4 Nd3+ 7. Ke2 Nf4+ 8.
Kf1 Nd3 9. Ke2 Nf4+ 10. Kf1 Ne6 11. d3 g6 12. h4 h5 13. Be3 Bg7 14. Qd2 Nc6 15.
a3 Ned4 16. Ng5 Ne5 17. Ba2 O-O 18. Rd1 b6 19. f4 Ng4 20. Bg1 e5 21. g3 exf4 22.
gxf4 Bb7 23. Rh3 Qd7 24. Kg2 Kh8 25. Bd5 Rae8 26. Bxb7 Qxb7 27. Nf3 Ne6 28. Kf1
Bh6 29. Ne2 Kg8 30. b3 Rd8 31. Ng5 Ng7 32. Qc2 f6 33. Nf3 Rfe8 34. Nh2 f5 35. e5
Ne6 36. Nxg4 fxg4 37. Re3 Bxf4 38. Re4 Bh6 39. d4 Qf7+ 40. Ke1 cxd4 41. Nxd4 Nc5
42. Re2 Bf4 43. e6 Nxe6 44. Nxe6 Bg3+ 45. Bf2 Bxf2+ 46. Rxf2 Qxe6+ 47. Kf1 Rxd1+
48. Qxd1 Qe4 49. Rg2 Rf8+ 50. Kg1 Qe3+ 51. Kh1 Qh3+ 52. Kg1 Qe3+ 53. Kh1 Qf3 54.
Qc2 Qh3+ 55. Kg1 Qe3+ 56. Kh2 Qe5+ 57. Kg1 Qe1+ 58. Kh2 Qxh4+ 59. Kg1 Qe1+ 60.
Kh2 g3+ 61. Kh3 Qe6+ 62. Kxg3 Qe5+ 0-1

[Event "20th HZ Open 2016"]
[Site "Vlissingen NED"]
[Date "2016.08.09"]
[Round "5.9"]
[White "Zeng, Chongsheng"]
[Black "Provoost, Simon"]
[Result "1-0"]
[WhiteTitle "GM"]
[WhiteElo "2538"]
[BlackElo "2178"]
[WhiteFideId "8603847"]
[BlackFideId "1016334"]
[EventDate "2016.08.06"]

1. d4 Nf6 2. c4 g6 3. Nc3 Bg7 4. e4 d6 5. Bd3 O-O 6. Nge2 c6 7. f3 e5 8. d5 Na6
9. Be3 Ne8 10. O-O c5 11. Qd2 Bd7 12. a3 Qe7 13. f4 Bh6 14. b4 Nf6 15. b5 Nc7
16. h3 Nh5 17. f5 Bxe3+ 18. Qxe3 f6 19. g4 Ng7 20. fxg6 hxg6 21. Ng3 Nge8 22.
Ra2 Qh7 23. Rh2 Qh4 24. Nd1 Ng7 25. Qe1 Kf7 26. Ne3 Rh8 27. Ng2 Qh6 28. Be2 Ke7
29. h4 b6 30. a4 a5 31. bxa6 Nxa6 32. Bd1 Nb4 33. Qc3 Ne8 34. h5 Ng7 35. Nh4
gxh5 36. gxh5 Kf7 37. Ng6 Rhg8 38. Rxf6+ Kxf6 39. Qf3+ Nf5 40. Nxf5 Qf4 41. Qe2
Bxf5 42. exf5 Qg3+ 43. Rg2 Qd3 44. Qe1 Qd4+ 45. Kh1 Ra7 46. Rg4 Qd3 47. Nxe5
Qh3+ 48. Kg1 Rxg4+ 49. Nxg4+ Kxf5 50. Qe6+ Kf4 51. Qxd6+ Kf5 52. Qe5# 1-0

[Event "20th HZ Open 2016"]
[Site "Vlissingen NED"]
[Date "2016.08.09"]
[Round "5.11"]
[White "Van Foreest, Jorden"]
[Black "Peek, Marcel"]
[Result "1-0"]
[WhiteTitle "GM"]
[BlackTitle "IM"]
[WhiteElo "2601"]
[BlackElo "2325"]
[WhiteFideId "1039784"]
[BlackFideId "1000462"]
[EventDate "2016.08.06"]

1. e4 c5 2. Nc3 Nc6 3. Bb5 Nd4 4. Nf3 Nxb5 5. Nxb5 d6 6. d4 Nf6 7. O-O a6 8. Nc3
cxd4 9. Qxd4 e5 10. Qd3 h6 11. Nd2 Be6 12. Nc4 Rc8 13. Ne3 Be7 14. a4 Qa5 15.
Rd1 O-O 16. Bd2 Qc5 17. Be1 Rfd8 18. a5 Qc6 19. f3 Rd7 20. Bf2 Rcd8 21. Ned5
Bxd5 22. exd5 Qc8 23. Na4 Qb8 24. c4 Re8 25. Nb6 Rdd8 26. b4 Nd7 27. c5 dxc5 28.
Nxd7 c4 29. Nxb8 cxd3 30. Rxd3 Bd6 31. Nxa6 bxa6 32. Bc5 Rd7 33. Kf2 f5 34. Bxd6
Rxd6 35. Rc1 Red8 36. Rc5 Kf7 37. Ke3 Rb8 38. Rb3 Rbd8 39. b5 axb5 40. Rbxb5 Ke7
41. Kd3 Ra8 42. Kc4 Ra7 43. Rb6 Kd7 44. Rxd6+ Kxd6 45. Rc6+ Kd7 46. a6 1-0

[Event "20th HZ Open 2016"]
[Site "Vlissingen NED"]
[Date "2016.08.09"]
[Round "5.12"]
[White "Lin, Chen"]
[Black "Breukelman, Jan"]
[Result "1-0"]
[WhiteTitle "GM"]
[BlackTitle "FM"]
[WhiteElo "2516"]
[BlackElo "2325"]
[WhiteFideId "8602298"]
[BlackFideId "1015583"]
[EventDate "2016.08.06"]

1. e4 c6 2. Nc3 d5 3. Nf3 Bg4 4. h3 Bxf3 5. Qxf3 Nf6 6. d3 e6 7. Bd2 Be7 8. g4
d4 9. Ne2 Qb6 10. O-O-O Na6 11. h4 Nd7 12. g5 Rf8 13. c3 c5 14. Qg3 O-O-O 15.
Kb1 Bd6 16. f4 Kb8 17. e5 dxc3 18. Nxc3 Bc7 19. Be3 Qa5 20. Bg2 Nb6 21. a3 Na4
22. Bd2 Nxc3+ 23. Bxc3 Qb5 24. Be4 g6 25. Qf3 Rd7 26. h5 Rfd8 27. Rc1 Ba5 28.
Ka2 Qa4 29. Qd1 Nb4+ 30. Kb1 Qb5 31. axb4 cxb4 32. Be1 b3 33. Bxa5 Qa4 34. Rc3
Qa2+ 35. Kc1 Qa1+ 36. Kd2 Qxb2+ 37. Ke3 1-0

[Event "20th HZ Open 2016"]
[Site "Vlissingen NED"]
[Date "2016.08.10"]
[Round "6.1"]
[White "Yuan, Ye"]
[Black "Van Wely, Loek"]
[Result "0-1"]
[BlackTitle "GM"]
[WhiteElo "2166"]
[BlackElo "2657"]
[WhiteFideId "8608415"]
[BlackFideId "1000268"]
[EventDate "2016.08.06"]

1. d4 Nf6 2. c4 e6 3. g3 c5 4. d5 exd5 5. cxd5 d6 6. Bg2 g6 7. Nc3 Bg7 8. Nf3
O-O 9. O-O Re8 10. Re1 a6 11. a4 Nbd7 12. Bf4 Qc7 13. e4 Ng4 14. Nd2 Nge5 15.
Bf1 Rb8 16. Rc1 c4 17. b3 b5 18. bxc4 b4 19. Ncb1 Nc5 20. Bxe5 Bxe5 21. Nb3 Nxa4
22. f4 Bb2 23. Rc2 Bg7 24. Kh1 Bd7 25. Qc1 Nc5 26. N1d2 a5 27. Nxc5 Qxc5 28. Nb3
Qa7 29. c5 a4 30. c6 axb3 31. cxd7 Qxd7 32. Rc7 Qd8 33. Qc6 Bc3 0-1

[Event "20th HZ Open 2016"]
[Site "Vlissingen NED"]
[Date "2016.08.10"]
[Round "6.2"]
[White "Landa, Konstantin"]
[Black "Timmermans, Mark"]
[Result "1-0"]
[WhiteTitle "GM"]
[BlackTitle "FM"]
[WhiteElo "2597"]
[BlackElo "2387"]
[WhiteFideId "4101685"]
[BlackFideId "1026399"]
[EventDate "2016.08.06"]

1. e4 e5 2. Nf3 Nc6 3. Bc4 Nf6 4. d3 Be7 5. O-O O-O 6. Re1 d6 7. a4 Kh8 8. h3
Ng8 9. Nc3 f5 10. Nd5 Bf6 11. b4 h6 12. Bb2 fxe4 13. Rxe4 Bf5 14. Re3 Be6 15.
Nxf6 Bxc4 16. Nxg8 Bxg8 17. d4 e4 18. d5 exf3 19. dxc6 bxc6 20. Rxf3 Rxf3 21.
Qxf3 Bd5 22. Qh5 Kg8 23. Ra3 Qg5 24. Qxg5 hxg5 25. Rg3 Kf7 26. Rxg5 g6 27. f3
Re8 28. Bd4 Re2 29. Bxa7 Rxc2 30. Bb8 Rb2 31. Bxc7 Rxb4 32. a5 Ra4 33. Kf2 Kf6
34. h4 Be6 35. g4 Bd5 36. Bd8+ Kf7 37. h5 gxh5 38. gxh5 Ke8 39. Bb6 Rf4 40. Rg3
Rh4 41. Rg5 Rf4 42. Ke2 Bxf3+ 43. Ke3 Rf7 44. h6 Bh1 45. Rh5 Re7+ 46. Kf4 Be4
47. a6 c5 48. a7 Kf8 49. h7 1-0

[Event "20th HZ Open 2016"]
[Site "Vlissingen NED"]
[Date "2016.08.10"]
[Round "6.3"]
[White "Mu, Ke"]
[Black "Ikonnikov, Vyacheslav"]
[Result "1/2-1/2"]
[BlackTitle "GM"]
[WhiteElo "2419"]
[BlackElo "2536"]
[WhiteFideId "8602778"]
[BlackFideId "4100972"]
[EventDate "2016.08.06"]

1. d4 Nf6 2. c4 e6 3. Nc3 Bb4 4. e3 O-O 5. Ne2 d5 6. a3 Be7 7. Nf4 c6 8. cxd5
exd5 9. Bd3 Na6 10. O-O Nc7 11. Bc2 Ne6 12. Nfe2 a5 13. f3 c5 14. Kh1 b6 15. Bd2
Ba6 16. Be1 cxd4 17. exd4 b5 18. Bd3 b4 19. Nb5 Qb6 20. a4 Rfc8 21. Bh4 Nc7 22.
Nxc7 Rxc7 23. Bxa6 Qxa6 24. Nf4 Bd6 1/2-1/2

[Event "20th HZ Open 2016"]
[Site "Vlissingen NED"]
[Date "2016.08.10"]
[Round "6.4"]
[White "Leenhouts, Koen"]
[Black "Zelbel, Patrick"]
[Result "1-0"]
[WhiteTitle "IM"]
[BlackTitle "IM"]
[WhiteElo "2491"]
[BlackElo "2445"]
[WhiteFideId "1008439"]
[BlackFideId "24624322"]
[EventDate "2016.08.06"]

1. d4 Nf6 2. c4 e6 3. g3 c5 4. d5 exd5 5. cxd5 d6 6. Nc3 g6 7. Nf3 Bg7 8. Bg2
O-O 9. O-O Re8 10. Bf4 Ne4 11. Nxe4 Rxe4 12. Nd2 Rxf4 13. gxf4 Bxb2 14. Rb1 Bg7
15. e4 Nd7 16. Qf3 b5 17. Rfe1 Rb8 18. Qg3 Qe7 19. Nf3 Nf6 20. Qh4 Bf8 21. f5
Nh5 22. fxg6 hxg6 23. Qxe7 Bxe7 24. Bf1 Bg4 25. Nd2 Bd7 26. Nc4 Rc8 27. e5 bxc4
28. Rb7 Bg5 29. Rxd7 c3 30. exd6 c2 31. Rc7 Rb8 32. Rxc5 Bd2 33. d7 Bxe1 34.
Rc8+ Kh7 35. d8=Q 1-0

[Event "20th HZ Open 2016"]
[Site "Vlissingen NED"]
[Date "2016.08.10"]
[Round "6.5"]
[White "Sasikiran, Krishnan"]
[Black "Sukandar, Irine Kharisma"]
[Result "1-0"]
[WhiteTitle "GM"]
[BlackTitle "IM"]
[WhiteElo "2658"]
[BlackElo "2418"]
[WhiteFideId "5004985"]
[BlackFideId "7101937"]
[EventDate "2016.08.06"]

1. Nf3 d5 2. g3 c6 3. Bg2 Bg4 4. O-O Nd7 5. d3 e6 6. Qe1 Bc5 7. Nbd2 Ne7 8. b3
O-O 9. Bb2 a5 10. a3 f6 11. d4 Bb6 12. e4 Re8 13. h3 Bh5 14. e5 f5 15. c4 c5 16.
cxd5 Nxd5 17. Nc4 cxd4 18. Nxd4 Nc5 19. Nd6 Nd3 20. Qd2 Nxb2 21. Nxe6 Rxe6 22.
Bxd5 Bf7 23. Qxb2 f4 24. Kh2 Rxd6 25. Bxf7+ Kxf7 26. exd6 Qxd6 27. Rad1 Qe6 28.
Qd2 1-0

[Event "20th HZ Open 2016"]
[Site "Vlissingen NED"]
[Date "2016.08.10"]
[Round "6.6"]
[White "Venkatesh, M.R."]
[Black "Van Foreest, Jorden"]
[Result "0-1"]
[WhiteTitle "GM"]
[BlackTitle "GM"]
[WhiteElo "2450"]
[BlackElo "2601"]
[WhiteFideId "5005779"]
[BlackFideId "1039784"]
[EventDate "2016.08.06"]

1. Nf3 Nf6 2. g3 b6 3. Bg2 Bb7 4. O-O g6 5. d3 Bg7 6. e4 O-O 7. e5 Ne8 8. Qe2 c5
9. c3 Nc7 10. Re1 Ne6 11. Nbd2 Nc6 12. Ne4 h6 13. h4 d6 14. Bh3 dxe5 15. Bxe6
fxe6 16. Be3 Qd5 17. b3 Nd8 18. Rad1 Nf7 19. Nh2 Nd6 20. f3 Rad8 21. g4 Rf7 22.
c4 Qc6 23. Rf1 Kh7 24. Rf2 Rg8 25. Nf1 Rgf8 26. Bc1 Qc7 27. Nfg3 Nf5 28. gxf5
exf5 29. h5 g5 30. Rdf1 fxe4 31. fxe4 Rf4 32. Nf5 R8xf5 33. exf5 Qc6 34. Rxf4
exf4 35. Kh2 f3 36. Qxe7 f2 37. Qe4 Qc7+ 38. Bf4 Qf7 39. Qe2 gxf4 40. Qg4 Bd4
41. f6 Qxf6 42. Qd7+ Qg7 43. Qf5+ Kh8 0-1

[Event "20th HZ Open 2016"]
[Site "Vlissingen NED"]
[Date "2016.08.10"]
[Round "6.7"]
[White "Beerdsen, Thomas"]
[Black "Zeng, Chongsheng"]
[Result "0-1"]
[WhiteTitle "FM"]
[BlackTitle "GM"]
[WhiteElo "2424"]
[BlackElo "2538"]
[WhiteFideId "1030108"]
[BlackFideId "8603847"]
[EventDate "2016.08.06"]

1. e4 c6 2. d4 d5 3. Nd2 dxe4 4. Nxe4 Bf5 5. Ng3 Bg6 6. h4 h6 7. Nf3 e6 8. Ne5
Bh7 9. Bd3 Bxd3 10. Qxd3 Nd7 11. f4 Bb4+ 12. Bd2 Bxd2+ 13. Qxd2 Ngf6 14. O-O-O
O-O 15. Qe2 Qa5 16. Kb1 Rad8 17. Ne4 Nxe4 18. Qxe4 Nf6 19. Qe2 h5 20. Rhg1 Qb6
21. g4 Rxd4 22. gxh5 Rxd1+ 23. Qxd1 Rd8 24. Nd3 Nxh5 25. Qg4 Qd4 26. b3 Rd5 27.
Rg2 Rf5 28. Rf2 Nf6 29. Qf3 Ne4 30. Rg2 Nc3+ 0-1

[Event "20th HZ Open 2016"]
[Site "Vlissingen NED"]
[Date "2016.08.10"]
[Round "6.8"]
[White "Ernst, Sipke"]
[Black "Koop, Thorben"]
[Result "1/2-1/2"]
[WhiteTitle "GM"]
[BlackTitle "IM"]
[WhiteElo "2535"]
[BlackElo "2412"]
[WhiteFideId "1004689"]
[BlackFideId "24661619"]
[EventDate "2016.08.06"]

1. d4 Nf6 2. c4 g6 3. Nc3 d5 4. cxd5 Nxd5 5. e4 Nxc3 6. bxc3 Bg7 7. Nf3 c5 8.
Be3 Qa5 9. Bd2 O-O 10. h3 Nc6 11. Be2 cxd4 12. cxd4 Qa3 13. d5 Ne5 14. Nxe5 Bxe5
15. Rb1 Qxa2 16. O-O a5 17. Bb5 Rd8 18. Be3 Bd7 19. Bc5 e6 20. Be7 Bxb5 21. Rxb5
Rd7 22. d6 f6 23. Qd3 Rc8 24. Rxe5 fxe5 25. Qb5 Rc6 26. Qxe5 Qc4 27. Ra1 b6 28.
Qf6 Rc8 29. Ra3 Rxe7 30. Qxe7 Qc1+ 31. Kh2 Qxa3 32. Qxe6+ Kg7 33. Qe7+ Kg8 34.
Qe6+ Kg7 35. Qe5+ Kg8 36. Qe6+ Kg7 37. Qe5+ Kf7 38. Qe7+ Kg8 39. Qe6+ Kg7 40.
Qd7+ Kh6 1/2-1/2

[Event "20th HZ Open 2016"]
[Site "Vlissingen NED"]
[Date "2016.08.10"]
[Round "6.9"]
[White "Nitin, S."]
[Black "Lin, Chen"]
[Result "1/2-1/2"]
[WhiteTitle "IM"]
[BlackTitle "GM"]
[WhiteElo "2398"]
[BlackElo "2516"]
[WhiteFideId "5018277"]
[BlackFideId "8602298"]
[EventDate "2016.08.06"]

1. e4 e5 2. Nf3 Nc6 3. Nc3 Nf6 4. d4 Bb4 5. Nxe5 Bxc3+ 6. bxc3 Qe7 7. Nxc6 Qxe4+
8. Be2 Qxc6 9. O-O Qxc3 10. Rb1 O-O 11. d5 Qe5 12. Bf3 d6 13. Re1 Qf5 14. Rb4
Re8 15. Rxe8+ Nxe8 16. Bg4 Qe5 17. Bxc8 Rxc8 18. Bb2 Qf5 19. Rxb7 a6 20. Qd3
Qxd3 21. cxd3 c6 22. Rb6 cxd5 23. Rxa6 Rb8 24. Bc1 Rb1 25. Rc6 Kf8 26. Kf1 Ke7
27. Ke2 Kd7 28. Rc2 Nc7 29. Bb2 g6 30. Bf6 1/2-1/2

[Event "20th HZ Open 2016"]
[Site "Vlissingen NED"]
[Date "2016.08.10"]
[Round "6.10"]
[White "Van Delft, Merijn"]
[Black "Hausrath, Daniel"]
[Result "1/2-1/2"]
[WhiteTitle "IM"]
[BlackTitle "GM"]
[WhiteElo "2391"]
[BlackElo "2487"]
[WhiteFideId "1004670"]
[BlackFideId "4617495"]
[EventDate "2016.08.06"]

1. e4 c5 2. Nf3 Nc6 3. d4 cxd4 4. Nxd4 g6 5. c4 Bg7 6. Be3 Nf6 7. Nc3 O-O 8. Be2
d6 9. O-O Bd7 10. Qd2 Nxd4 11. Bxd4 Bc6 12. f3 a5 13. b3 Nd7 14. Be3 Nc5 15.
Rab1 Qb6 16. Rfc1 Rfc8 17. Rc2 Qd8 18. Bf1 h5 19. g3 Kh7 20. Bg2 Qh8 21. Nd5 Qd8
22. Nc3 Qf8 23. Re1 Rd8 24. Bf2 e6 25. Ne2 Bh6 26. Qd1 b6 27. Nd4 Bb7 28. Rce2
Qe7 29. Qb1 Bg7 30. Rd1 Rac8 31. Red2 d5 32. cxd5 exd5 33. exd5 Rxd5 34. f4 Rxd4
35. Bxd4 Bxd4+ 36. Rxd4 Qe3+ 37. Kh1 Bxg2+ 38. Kxg2 Qe2+ 39. Kg1 Qe3+ 40. Kg2
Qe2+ 41. Kg1 Qe3+ 1/2-1/2